000 00472nam a2200181Ia 4500
005 20250508161246.0
008 008 250505s9999 xx 000 0 eng d
037 _aTextual
040 _aFEDL
_beng
_cFEDL
041 _aeng
_2eng
084 _a371.3, LOS
_qFEDL
245 0 _aLearning center ideas in action
260 _c1972
300 _avi,112p.
650 _aTeaching Teahnique
_9755995
942 _cTEXL
_h371.3, LOS
999 _c1369187
_d1369187